LEADER 01338nam a2200301 a 4500 001 000000138422 003 CaOOAMICUS 005 20140515095150.0 008 140515s2013 enkae u000 u eng r 020 $z9781472409904* 040 $aPUL$bita 082 04$a255.7 245 00$aIslands and military orders, c.1291-c.1798 /$cedited by Emanuel Buttigieg and Simon Phillips. 260 $aFarnham, Surrey, England ;$aBurlington, Vt. :$bAshgate,$c©2013. 300 $axx, 276 p. :$bill., piante ;$c24 cm 504 $aBibliografia in nota. 650 4$aOrdini cavallereschi$xStoria.$0(OLS)http://pul/subject/40516 650 4$aOrdini militari religiosi$xStoria.$0(OLS)http://pul/subject/40513 700 1 $aButtigieg, Emanuel.$0(OLS)http://pul/name/89230 700 1 $aPhillips, Simon.$0(OLS)http://pul/name/89231 850 $aPUL 852 $aPUL$W1$xSL Religione 3$y85$m255. 7 BUTEM 1$j159637$qDDC 21$B159175$CPULBib$Z2$F159175 $H123977 $82 941 1 $a9 996 $6020$z9781472409904*$9(OLS)http://pul/number/155264 996 $6082$a255.7$9(OLS)http://pul/classification/2456 996 $6245$aIslands and military orders, c.1291-c.1798$9(OLS)http://pul/title/175219 996 $6260$aFarnham, Surrey, England ;$aBurlington, Vt. :$bAshgate$9(OLS)http://pul/publisher/81954 LEADER 01434nam a2200325 u 4500 001 000000075421 003 CaOOAMICUS 005 20070226123111.0 008 030901s2000 it u000 u ita u 020 $a88-16-30368-9 035 $a10969262 040 $aEFR$bita 041 0 $aita$hspa 100 1 $aLaboa, Juan María,$d1939-$0(OLS)http://pul/name/32425 240 10$aHistoria de la Iglesia Católica,$pEdad contemporánea.$lItalian.$0(OLS)http://pul/title/98970 245 13$aLa chiesa e la modernità.$n1,$pL'Ottocento /$cJuan María Laboa. 260 $aMilano :$bJaca Book,$cc2000, 2003. 300 $a315 p. ;$c24 cm 490 1 $aGià e non ancora ;$v368 490 1 $aComplementi alla Storia della Chiesa 504 $aIncludes bibliographical references and index. 650 0$aChurch history$yModern period, 1500-$2//eng$0(OLS)http://pul/subject/16176 830 0$aComplementi alla Storia della Chiesa.$0(OLS)http://pul/title/23273 830 0$aGià e non ancora ;$v368.$0(OLS)http://pul/title/129 850 $aPUL 852 $aPUL$W1$xSL Religione 3$y85$m270 LABJU 1$j97066$nBK-PRI$av. 1 $qDDC 21$B97066$CPULBib$Z2$F97066 $HPUL92357 $82 941 1 $a9 996 $6020$a88-16-30368-9$9(OLS)http://pul/number/98377 996 $6245$aLa chiesa e la modernità.$n1,$pL'Ottocento$9(OLS)http://pul/title/98971 996 $6260$aMilano :$bJaca Book$9(OLS)http://pul/publisher/47900